| 000 | 00389nam a2200181Ia 4500 | ||
|---|---|---|---|
| 005 | 20250603145427.0 | ||
| 008 | 250603s9999 xx 000 0 und d | ||
| 020 | _a97897855906 | ||
| 050 | _aKP 124 .E7/ | ||
| 100 | _aErugo, Sam | ||
| 245 | 0 | _aNigeria Labour Law | |
| 260 | _aLagos | ||
| 260 | _bPrincestone | ||
| 260 | _c2019 | ||
| 300 | _a645 p | ||
| 650 | _aLagos | ||
| 942 | _cBK | ||
| 999 |
_c41825 _d41825 |
||